Universidades-gobiernos regionales: las proyecciones de un programa de futuro
Wedi'i Gadw mewn:
| Awdur Corfforaethol: | |
|---|---|
| Fformat: | Llyfr |
| Iaith: | Sbaeneg |
| Cyhoeddwyd: |
Santiago
Ministerio del Interior
1999
|
| Pynciau: | |
| Tagiau: |
Ychwanegu Tag
Dim Tagiau, Byddwch y cyntaf i dagio'r cofnod hwn!
|
MARC
| LEADER | 00000nam a2200000 a 4500 | ||
|---|---|---|---|
| 001 | UCO7041 | ||
| 003 | CL-VaPUC | ||
| 008 | 001103e19990000CL |||||||||||||||||spa|d | ||
| 082 | 0 | 4 | |a 378 |b MIN |2 21 |
| 110 | 2 | |a Ministerio del Interior |e author |9 451676 | |
| 245 | 1 | 0 | |a Universidades-gobiernos regionales: las proyecciones de un programa de futuro |
| 300 | |a 77 p | ||
| 942 | |c BK | ||
| 945 | |d 20001103 00:00:00 |a rbrito | ||
| 260 | |a Santiago |b Ministerio del Interior |c 1999 | ||
| 650 | 0 | |a Educación superior |9 223851 | |
| 650 | 0 | |a Desarrollo regional |9 354599 | |
| 650 | 0 | |a Regionalización |9 255465 | |
| 583 | |a last modification |c 20001103 00:00:00 |k Rodrigo Vera | ||
| 999 | |c 292259 |d 292257 | ||
| 952 | |0 0 |1 0 |4 0 |6 378_000000000000000_MIN_1999 |7 0 |8 P |9 342995 |a BIBEDU |b BIBEDU |c BIBEDU_PB |d 2019-11-20 |i 3657051 |o 378 MIN 1999 |p 3657051 |r 2024-01-25 |w 2019-11-20 |y BK |k BME | ||